| 000 | 00593nam a2200169 i 4500 | ||
|---|---|---|---|
| 001 | 108768 | ||
| 003 | ES-MaACL | ||
| 005 | 20230906184715.0 | ||
| 007 | t| | ||
| 008 | 061121s1976 sp r ||||1| spa d | ||
| 100 | 1 |
_aMontoro Puerto, Miguel. _982697 |
|
| 245 | 1 | 0 |
_aTeoría de la forma de los actos jurídicos en derecho público _b: los actos de la administración y de los tribunales / _cMiguel Montoro Puerto. |
| 260 |
_aAlcoy : _bMarfil, _c1976. |
||
| 300 |
_a191 p. ; _c22 cm. |
||
| 650 | 4 |
_aControl jurisdiccional de la administración. _9168391 |
|
| 852 |
_aES-MaACL _jA-5924 _bR.94660 |
||
| 999 |
_c108768 _d108768 |
||